000 00503nam a2200181Ia 4500
005 20250603145853.0
008 250603s9999 xx 000 0 und d
020 _a9789789554263
050 _aLA 1630 .F88/
100 _aEdited by Faborode, Michael O.
245 4 _aThe future and relevance of Nigerian Universities and other tertiary institutions
260 _aAbuja
260 _bCommittee of Vice Chancellors, Nigeria
260 _c2016
300 _a202 p
650 _aAbuja
942 _cBK
999 _c43102
_d43102